| 000 | 00949nam a22002051i 4500 | ||
|---|---|---|---|
| 001 | 181185 | ||
| 003 | ES-MaACL | ||
| 005 | 20230906221308.0 | ||
| 008 | 121030s1914 sp |||| | spa d | ||
| 100 | 1 |
_aAlgarra y Postius, Jaime. _919887 |
|
| 245 | 1 | 3 |
_aEl crédito de los pequeños municipios y la Sociedad del Crédito Comunal del Reino de Bélgica / _cpor Jaime Algarra. |
| 260 |
_a[Madrid : _bJunta para Ampliación de Estudios e Investigaciones Científicas, _c1914] |
||
| 300 |
_aP. [187]-275 ; _c23 cm. |
||
| 490 | 1 |
_aAnales de la Junta para Ampliación de Estudios e Investigaciones Científicas ; _vt. 13, memoria 2 |
|
| 650 | 4 |
_aBancos locales- _zSuiza. _9151761 |
|
| 710 | 2 |
_aJunta para la Ampliación de Estudios e Investigaciones Científicas. _95413 |
|
| 830 | 0 |
_aAnales de la Junta para Ampliación de Estudios e Investigaciones Científicas ; _vt. 13, memoria 2 _9186710 |
|
| 852 |
_aES-MaACL _jB-13169(2) |
||
| 999 |
_c181185 _d181185 |
||